| 000 | 01536nam0a22003491 4500 | ||
|---|---|---|---|
| 001 | rc\4837826 | ||
| 005 | 20260406164444.0 | ||
| 021 |
_aRU _b[68-46806] |
||
| 035 | _a(NLR Aleph) 008891953 | ||
| 090 |
_a8648062 _c8648062 |
||
| 100 | _a20130426d1968 |||y0rusy50 ca | ||
| 101 | 1 |
_arus _ceng |
|
| 102 | _aRU | ||
| 105 | _aa z |||a| | ||
| 200 | 1 |
_aЯрмарка тщеславия _eРоман без героя _fПеревод с англ. [М. Дьяконова _gВступ. статья Е. Клименко _gПримеч. М. Лорие и М. Черневич _gРис. автора] |
|
| 210 |
_aМосква _cХудож. лит. _d1968 |
||
| 215 |
_a814 с., 17 л. ил. _d21 |
||
| 225 | 1 |
_a[Библиотека всемирной литературы _hСерия вторая _iЛитература XIX в. _vТ. 112] |
|
| 300 | _aПеред загл. авт.: Вильям Теккерей | ||
| 606 |
_aБуржуазия в Англии (х. л.) _2psbo |
||
| 607 |
_aАнглия _z19 в. (х. л.) _2psbo |
||
| 700 | 1 |
_8rus _7ca _aТеккерей _bУ. М. _f1811-1863 _gУильям Мейкпис _3RU\NLR\AUTH\7710863 _9120627 |
|
| 702 | 1 |
_aКлименко _bЕ. _4080 |
|
| 702 | 1 |
_4212 _7ca _8rus _aЛорие _bМ. Ф. _f1904-1992 _gМария Федоровна _9139344 _3RU\NLR\AUTH\MXL\77532 |
|
| 702 | 1 |
_aЧерневич _bМ. _4212 |
|
| 702 | 1 |
_aДьяконова _bМ. _4730 |
|
| 801 | 0 |
_aRU _bNLR _gpsbo |
|
| 801 | 1 |
_aRU _bELAR _2rusmarc |
|
| 852 |
_aNLR _j68-3/3869 |
||
| 942 | _cBOOK | ||
| 980 | _aNB | ||